| 000 | 00816nam a2200229 i 4500 | ||
|---|---|---|---|
| 001 | 188181 | ||
| 003 | ES-MaACL | ||
| 005 | 20230906223133.0 | ||
| 008 | 180608s1946 ag |||| | spa d | ||
| 100 | 1 |
_aMadariaga, Salvador de, _d1886-1978 _975292 |
|
| 245 | 1 | 0 |
_aIngleses, franceses, españoles / _cSalvador de Madariaga. |
| 250 | _a6ª ed. | ||
| 260 |
_aBuenos Aires : _bSudamericana, _c1946. |
||
| 300 |
_a301 p. ; _c21 cm. |
||
| 490 | 1 | _aEnsayo de psicología comparada | |
| 650 | 0 | 4 |
_aBritánicos- _xPsicología. _910620 |
| 650 | 0 | 4 |
_aFranceses- _xPsicología. _912979 |
| 650 | 0 | 4 |
_aEspañoles- _xPsicología. _912477 |
| 830 | 0 |
_aEnsayo de psicología comparada _9225652 |
|
| 852 |
_aES-MaACL _jL-32028 _z. - Donat. herederos de la bibl. de Mª del Pilar Costa Palacín |
||
| 999 |
_c188181 _d188181 |
||